000 00649nam a2200217Ia 4500
003 GCL
008 140319s9999 xx 000 0 ara d
040 _aGCL /
_cGCL
082 0 4 _a415.1
_bا ن
100 1 _aاحمد ماهر محمود البقرى
245 1 0 _aالنحو العربى شواهده ومقدماتة /
_cاحمد ماهر محمود البقرى
260 _a[S.N] :
_bمؤسسة شباب الجامعة ،
_c1988
300 _a351
490 _a
650 0 4 _aالنحو
650 0 4 _aاللغة العربية
650 0 4 _aالافعال
650 0 4 _aالمفعول
650 0 4 _aالضمائر
942 _2ddc
_cBK
999 _c30258
_d30258